Introduction

Guardado en:
Detalles Bibliográficos
Autor principal: Exenberger, Andreas
Otros Autores: Strobl, Philipp Luis
Formato: Capítulo de libro
Lenguaje:inglés
Materias:
Etiquetas: Agregar Etiqueta
Sin Etiquetas, Sea el primero en etiquetar este registro!

MARC

LEADER 00000naa$a2200000$$$4500
001 0195821
005 20240502083457.6
041 0 |a eng 
044 |a AT 
245 1 0 |a Introduction  |c Andreas Exenberger, Philipp Luis Strobl 
610 2 0 |a globalizácia 
610 2 0 |a mestá 
100 1 |a Exenberger, Andreas 
700 1 |a Strobl, Philipp Luis